ბათუმის შოთა რუსთაველის სახელმწიფო უნივერსიტეტის ბიბლიოთეკა

მეფე ვახტანგ პირველი გორგასალი (ბიბ.ჩანაწერი № 42134)

000 -LEADER
fixed length control field 00879nam a2200229Ia 4500
001 - CONTROL NUMBER
control field 8826
003 - CONTROL NUMBER IDENTIFIER
control field GE_BSU
008 - FIXED-LENGTH DATA ELEMENTS--GENERAL INFORMATION
fixed length control field 181216s||||||||xx |||||||||||||| ||und||
040 ## - CATALOGING SOURCE
Transcribing agency GE_BSU
080 ## - UNIVERSAL DECIMAL CLASSIFICATION NUMBER
Universal Decimal Classification number 821.353.1-11
100 ## - MAIN ENTRY--PERSONAL NAME
Personal name კაკაბაძე,პოლიკარპე
245 ## - TITLE STATEMENT
Title მეფე ვახტანგ პირველი გორგასალი
245 ## - TITLE STATEMENT
Remainder of title დრამატ.პოემა
245 ## - TITLE STATEMENT
Statement of responsibility, etc. რედ:ნ.გურაბანიძე;მხატვ:ვ.მელიქიშვილი
260 ## - PUBLICATION, DISTRIBUTION, ETC.
Place of publication, distribution, etc. თბილისი
260 ## - PUBLICATION, DISTRIBUTION, ETC.
Name of publisher, distributor, etc. ლიტერატურა და ხელოვნება
260 ## - PUBLICATION, DISTRIBUTION, ETC.
Date of publication, distribution, etc. 1967
300 ## - PHYSICAL DESCRIPTION
Extent 148გვ;20სმ
653 ## - INDEX TERM--UNCONTROLLED
Uncontrolled term დრამატ.პოემა
653 ## - INDEX TERM--UNCONTROLLED
Uncontrolled term მეფე ვახტანგ პირველი გორგასალი
942 ## - ADDED ENTRY ELEMENTS (KOHA)
Koha item type წიგნი
ეგზემპლარები
Withdrawn status Lost status Damaged status Not for loan Date acquired Barcode Date last seen Price effective from Koha item type
        2018-12-17 31298 2018-12-17 2018-12-17 წიგნი
        2018-12-17 31299 2018-12-17 2018-12-17 წიგნი
        2018-12-17 31300 2018-12-17 2018-12-17 წიგნი
        2018-12-17 31301 2018-12-17 2018-12-17 წიგნი